00484nam a2200145 a 450000100100000000500170001000800410002704000250006824500270009326000670012030000200018704900090020795201050021699900170032100003103020200930062648.0110610s19uu dr 000 0 spa d aDO-SdBNPbspacBNPHU00aPueblo sangre y canto. a[Santo Domingo] :bPublicación del Frente Cultural,c[19??]. a30 p. ;c22 cm. aBNPD 0010718PDaPDbPDcCTd2011-06-10iLF1l0o p31030-10r2020-06-25w2020-06-25yLFPDZNo se presta c30522d30522